Loading...
Sooryarajavinte pranayini
| Hovedforfatter: | |
|---|---|
| Format: | Printed Book |
| Sprog: | Undetermined |
| Udgivet: |
Kottyam
D.C Books
2007
|
| LEADER | 00468nam a2200157Ia 4500 | ||
|---|---|---|---|
| 008 | 140316s9999 xx 000 0 und d | ||
| 020 | |||
| 082 | |a 814 |b CHA/SU | ||
| 100 | |a Chanframati | ||
| 245 | |a Sooryarajavinte pranayini | ||
| 260 | |a Kottyam |b D.C Books |c 2007 | ||
| 300 | |a 78 | ||
| 650 | |||
| 942 | |2 ddc |c BK | ||
| 999 | |c 8427 |d 8427 | ||
| 952 | |0 0 |1 0 |2 ddc |4 0 |6 814_000000000000000_CHASU |7 0 |9 9605 |a KAUCLV |b KAUCLV |c GENERAL |d 2014-03-18 |o 814 CHA/SU |p 216635 |r 2014-03-18 |w 2014-03-18 |y BK | ||